Innsbruck Airport Destinations (Innsbruck, Austria) - Statistics

General Stats
  • This quiz has been taken 137 times
    58 since last reset
  • The average score is 25 of 41
Answer Stats
Airline Destination % Correct
Austrian Airlines Vienna
97%
British Airways/easyJet/TUI Airways London (Gatwick)
95%
British Airways London (Heathrow)
95%
easyJet/TUI Airways London (Luton)
95%
TUI Airways London (Stansted)
95%
Austrian Airlines/Transavia Amsterdam
90%
Austrian Airlines Berlin
90%
Air Dolomiti Frankfurt
90%
Eurowings/Scandinavian Airlines Stockholm (Arlanda)
90%
Austrian Airlines/Eurowings/Norwegian Air Shuttle/Scandinavian Airlines Copenhagen
87%
Scandinavian Airlines Oslo
85%
Icelandair Reykjavík
85%
Aegean Airlines Athens
82%
Austrian Airlines/Transavia Brussels
82%
Eurowings Hamburg
82%
Iberia Madrid
79%
easyJet/Jet2.com/TUI Airways Birmingham
77%
airBaltic Riga
77%
easyJet/Jet2.com/TUI Airways Manchester
74%
easyJet/Jet2.com/TUI Airways Edinburgh
72%
TUI fly Belgium Antwerp
69%
Austrian Airlines Warsaw (Chopin)
69%
Eurowings Rhodes
64%
easyJet/Jet2.com/TUI Airways Bristol
62%
Scandinavian Airlines Gothenburg
59%
TUI Airways Dublin
56%
Eurowings Heraklion
56%
Transavia Rotterdam/The Hague
56%
Transavia Eindhoven
46%
Eurowings Kos
44%
Eurowings Palma de Mallorca
44%
TUI Airways Newcastle upon Tyne
41%
Marathon Airlines Thessaloniki
38%
Marathon Airlines Kalamata
21%
Marathon Airlines Kefalonia
21%
Marathon Airlines Cagliari
18%
Marathon Airlines Kavala
18%
Marathon Airlines Preveza/Lefkada
18%
Eurowings Karpathos
13%
Eurowings Lamezia Terme
10%
Avanti Air Calvi
8%
No matching quizzes found
Score Distribution
Percent of People with Each Score
Percentile by Number Answered
Your Score History
You have not taken this quiz since the last reset